000 00619nam a2200169Ia 4500
005 20250508153943.0
008 008 250505s9999 xx 000 0 eng d
037 _aBooks to be hide in OPAC
040 _aFEDL
_beng
_cFEDL
041 _aeng
_2eng
084 _a301, HUM/O
_qFEDL
245 0 _aHumanties at work: Proceedings of the second regional conference on the humanities held at Denver Colorado December 1,2,3,1944
245 0 _cRegional Conference on the Humanities Social Science Foundation University of Denver
300 _aviii,158p
942 _cHB
_h301, HUM/O
999 _c1346585
_d1346585